| 000 | 00879cam a2200217 4500 | ||
|---|---|---|---|
| 001 | WB3621-15 | ||
| 008 | 000000n2000 000 0 eng u | ||
| 035 | _a(Sirsi) u106209 | ||
| 245 | _aRent cuts do not boost demand | ||
| 260 | _c2000 | ||
| 490 |
_aHousing Today _v18(5) 25 May 2000, 2(1) |
||
| 520 | _aA government report shows that reducing rents on run-down estates does not increase demand and attract new tenants. Instead the results suggest that prospective tenants could be persuaded by a larger property in good condition in a 'worse' area. The Chartered Institute of Housing says the report highlights the importance of improving run-down estates. | ||
| 590 | _aWB | ||
| 650 | _aCIH | ||
| 650 | _aHOUSING ESTATES | ||
| 650 | _aRENT REDUCTION | ||
| 650 | _aRELOCATION | ||
| 650 | _aTENANT SATISFACTION | ||
| 690 |
_aAffordable housing _96215 |
||
| 942 | _n0 | ||
| 999 |
_c63623 _d63623 |
||